000 00681nam a22002057a 4500
005 20140820162257.0
010 _aENG-110307
020 _a9878172113238
_c900.00
020 _a8172113234
_c900.00
035 _aEN-93839
037 _bDBAD/PUB
082 _a658.151
100 _aGhosh,P.K.
245 _aAnalytical studies on accounting & finance, corporate management and Indian economy /
_cby P.K. Ghosh
260 _aNew Delhi
_bNorthern Book Centre
_c2014
270 _a4221/1 Ansari Road ,Darya Ganj
_bNew Delhi
_e110002
300 _axii,348p.
_c24cm(Hb)
500 _aIncludes bibliographical references and index
942 _2ddc
_cEN
_mGHO
_h658.151
999 _c85928
_d85928